Statistics for Aircraft Engines #1 (Airliners)

Click here to take the quiz!

General Stats

  • This quiz has been taken 44 times
  • The average score is 5 of 12

Answer Stats

Answer% Correct
General Electric GEnx / Rolls-Royce Trent 1000
81%
General Electric GE90
74%
CFM International CFM56-7
71%
Rolls-Royce Trent 970 (900) / General Electric/Pratt & Whitney GP7200 (GP7000)
55%
CFM International LEAP
52%
General Electric CF6 / Pratt & Whitney JT9D
45%
Rolls-Royce Trent XWB
45%
Rolls-Royce RB211 / Pratt & Whitney PW2000
35%
Pratt & Whitney JT8D
32%
Rolls-Royce/Snecma Olympus 593
19%
General Electric CF34-8E
16%
Pratt & Whitney PW1500G
16%

Score Distribution

Percentile by Number Answered

Percent of People with Each Score

Your Score History

You have not taken this quiz